[Event "Open Ricany 2011"]
[Site "http://www.openricany.cz"]
[Date "2011.08.21"]
[Round "2.55"]
[White "Bocek, Lukas"]
[Black "Adamik, Frantisek"]
[Result "0-1"]
[WhiteElo "1702"]
[BlackElo "1891"]

1. e4 c5 2. c3 d5 3. exd5 Qxd5 4. d4 Nf6 5. Be3 cxd4 6. cxd4 Bg4 7. Qa4+ Bd7
8. Qc4 Nc6 9. Nc3 Qa5 10. Qb5 Qb4 11. a3 Qxb5 12. Nxb5 O-O-O 13. Rc1 Nd5
14. Nxa7+ Kb8 15. Nxc6+ Bxc6 16. b4 Nxe3 17. fxe3 g6 18. Nf3 f6 19. b5 Be4
20. Nd2 Bd5 21. e4 Bf7 22. d5 e6 23. dxe6 Bxa3 24. Ra1 Bb4 25. exf7 Rxd2 26. Ra4
Rb2+ 27. Kd1 Rc8 28. f8=Q Bxf8 29. Ra1 Rd8+ 30. Kc1 Rdd2 31. h4 Bh6 0-1

[Event "Open Ricany 2011"]
[Site "http://www.openricany.cz"]
[Date "2011.08.21"]
[Round "2.11"]
[White "Pavlicek, Petr"]
[Black "Kubikova, Hana"]
[Result "1/2-1/2"]
[WhiteElo "2013"]
[BlackElo "2159"]

1. e4 c5 2. Nf3 Nc6 3. d4 cxd4 4. Nxd4 Nf6 5. Nc3 e6 6. Be2 Bb4 7. O-O O-O
8. Be3 Bxc3 9. bxc3 Nxe4 10. Nb5 d5 11. Bd3 a6 12. Bxe4 axb5 13. Bd3 Qf6 14. Qd2
Bd7 15. Bxb5 h6 16. c4 d4 17. Bxc6 Bxc6 18. Qxd4 Qxd4 1/2-1/2

[Event "Open Ricany 2011"]
[Site "http://www.openricany.cz"]
[Date "2011.08.21"]
[Round "2.39"]
[White "Rezac, Jindrich"]
[Black "Maly, Marek"]
[Result "0-1"]
[WhiteElo "1862"]
[BlackElo "1986"]

1. e4 d5 2. exd5 Nf6 3. Nc3 Nxd5 4. Nxd5 Qxd5 5. d4 Bf5 6. c4 Qe4+ 7. Be3 e6
8. a3 Nc6 9. Qf3 O-O-O 10. Qxe4 Bxe4 11. O-O-O Be7 12. f3 Bg6 13. Ne2 Na5 0-1

[Event "Open Ricany 2011"]
[Site "http://www.openricany.cz"]
[Date "2011.08.21"]
[Round "2.16"]
[White "Rehak, Martin"]
[Black "Zvara, David"]
[Result "1/2-1/2"]
[WhiteElo "2129"]
[BlackElo "1979"]

1. c4 e5 2. g3 d5 3. cxd5 Qxd5 4. Nf3 Nc6 5. Nc3 Qd8 6. Bg2 Nf6 7. O-O Bb4
8. Nxe5 Nxe5 9. Qa4+ Nc6 10. Bxc6+ bxc6 11. Qxb4 h5 12. h4 Qd7 13. Ne4 Nd5
14. Qc5 f6 15. b3 Rb8 16. Bb2 Rb5 17. Qc2 O-O 18. Rac1 Re8 19. d3 Qh3 20. Qxc6
Bd7 21. Qc4 c6 22. Qd4 Bf5 23. Ng5 Qg4 24. e4 Nf4 25. Qc4+ Be6 26. Qxc6 Ne2+
27. Kg2 Nf4+ 28. Kg1 Ne2+ 1/2-1/2

[Event "Open Ricany 2011"]
[Site "http://www.openricany.cz"]
[Date "2011.08.21"]
[Round "2.50"]
[White "Forman, Miroslav"]
[Black "Luzikova, Nicola"]
[Result "1-0"]
[WhiteElo "1912"]
[BlackElo "1797"]

1. g4 d5 2. Bg2 e5 3. c4 c6 4. cxd5 cxd5 5. Qb3 Qc7 6. Nc3 d4 7. Nd5 Qd6 8. d3
Nc6 9. f4 f6 10. Bd2 Nge7 11. f5 Nxd5 12. Bxd5 Qc7 13. Rc1 Bd7 14. Bf7+ Kd8
15. Nf3 Bd6 16. Qd5 Rc8 17. Kf2 Qb8 18. a3 Ne7 19. Rxc8+ Nxc8 20. Rc1 Nb6
21. Ba5 Ke7 22. Bxb6 axb6 23. Bh5 Rf8 24. b4 g6 25. fxg6 hxg6 26. Bxg6 Bxg4
27. Nh4 Be6 28. Nf5+ Kd7 29. Qb5+ Kd8 30. Qxb6+ Bc7 31. Qxe6 1-0

[Event "Open Ricany 2011"]
[Site "http://www.openricany.cz"]
[Date "2011.08.21"]
[Round "2.29"]
[White "Procházka, Petr"]
[Black "Nigrin, Jiri"]
[Result "1/2-1/2"]
[WhiteElo "2008"]
[BlackElo "1700"]

1. e4 b6 2. d4 Bb7 3. Nc3 Nf6 4. Bd3 e6 5. Nf3 d6 6. O-O Be7 7. Qe2 Nbd7 8. Re1
O-O 9. e5 dxe5 10. dxe5 Nd5 11. Nxd5 Bxd5 12. c3 g6 13. Bh6 Re8 14. Rad1 c5
15. Bb5 Qc7 16. Rxd5 exd5 17. e6 Nf8 18. Bxf8 Rxf8 19. exf7+ Rxf7 20. Qe6 Qd6
1/2-1/2

[Event "Open Ricany 2011"]
[Site "http://www.openricany.cz"]
[Date "2011.08.21"]
[Round "2.24"]
[White "Balacek, Tadeas"]
[Black "Jonas, Vaclav"]
[Result "1-0"]
[WhiteElo "2251"]
[BlackElo "1963"]

1. d4 Nf6 2. c4 g6 3. Nc3 Bg7 4. e4 d6 5. Nf3 O-O 6. Be2 Bg4 7. O-O Bxf3
8. Bxf3 Nfd7 9. Be3 Nc6 10. d5 Na5 11. Be2 Nb6 12. Bd4 Bxd4 13. Qxd4 c5 14. dxc6
Nxc6 15. Qd2 Rc8 16. b3 Nd7 17. Nd5 Nc5 18. Qe3 e5 19. f4 Ne6 20. f5 Ng7 21. f6
Ne6 22. Qh6 Re8 23. Bg4 Ncd4 24. Rad1 Qd7 25. Rxd4 exd4 26. Bxe6 1-0

[Event "Open Ricany 2011"]
[Site "http://www.openricany.cz"]
[Date "2011.08.21"]
[Round "2.4"]
[White "Rehorek, Martin"]
[Black "Horak, Vladimir"]
[Result "1-0"]
[WhiteElo "2296"]
[BlackElo "2043"]

1. c4 e5 2. Nc3 Nf6 3. g3 c6 4. d3 d5 5. Nf3 d4 6. Nb1 Bd6 7. Bg2 O-O 8. O-O
Qb6 9. b4 Bxb4 10. Nxe5 Bd6 11. Nf3 c5 12. e4 Nbd7 13. Nh4 Ne8 14. f4 f6 15. Nd2
g6 16. Rb1 Qc7 17. Nhf3 Ng7 18. Kh1 Re8 19. Ng1 Nb6 20. Ne2 Bd7 21. Nf3 Rab8
22. Bd2 Na4 23. Rb3 b5 24. cxb5 Rxb5 25. Rxb5 Bxb5 26. Qb3+ 1-0

[Event "Open Ricany 2011"]
[Site "http://www.openricany.cz"]
[Date "2011.08.21"]
[Round "2.6"]
[White "Svoboda, Vaclav"]
[Black "Nemec, David"]
[Result "1-0"]
[WhiteElo "2286"]
[BlackElo "2037"]

1. e4 e5 2. Nf3 Nc6 3. Bb5 a6 4. Ba4 Nf6 5. Qe2 d6 6. c3 Be7 7. O-O Bg4 8. d3
O-O 9. h3 Bh5 10. Nbd2 b5 11. Bc2 Re8 12. Rd1 Bf8 13. Nf1 d5 14. Ng3 Bxf3
15. Qxf3 d4 16. Nf5 Ne7 17. Nh6+ gxh6 18. Qxf6 Ng6 19. Qf3 c5 20. Bb3 Ra7 21. a4
b4 22. cxb4 cxb4 23. Bd2 Ree7 24. Qh5 Rec7 25. Bxh6 Bxh6 26. Qxh6 a5 27. g3 Qf6
28. h4 Qg7 29. Qg5 h6 30. Qg4 Ne7 31. Qh5 Ra6 32. Rac1 Rac6 33. Rxc6 Rxc6
34. Kh2 Ng6 35. Bc4 Rc7 36. Rc1 Kf8 37. Rf1 Ke7 38. f4 f6 39. Qg4 Kf8 40. h5 Ne7
41. Qe6 1-0

[Event "Open Ricany 2011"]
[Site "http://www.openricany.cz"]
[Date "2011.08.21"]
[Round "2.14"]
[White "Haman, Jakub"]
[Black "Marik, Miroslav"]
[Result "1-0"]
[WhiteElo "2146"]
[BlackElo "1988"]

1. e4 c5 2. Nf3 Nc6 3. d4 cxd4 4. Nxd4 Nf6 5. Nc3 e5 6. Ndb5 d6 7. Nd5 Nxd5
8. exd5 Nb8 9. c4 Be7 10. Be2 O-O 11. O-O f5 12. f4 a6 13. Nc3 exf4 14. Rxf4 Bg5
15. Rf2 Nd7 16. Qc2 Ne5 17. Bxg5 Qxg5 18. Raf1 Bd7 19. b4 Rac8 20. Qb3 Qe3
21. Nd1 Qd4 22. Qe3 Qxe3 23. Nxe3 g6 24. Rc1 f4 25. Nf1 Bb5 26. c5 Bxe2 27. Rxe2
Nd3 28. Rd1 Nxb4 29. cxd6 Rf5 30. a3 Nxd5 31. d7 Rd8 32. Re8+ Rf8 33. Rxd8 Rxd8
34. Rxd5 Kf7 35. Kf2 Ke6 36. Rd4 g5 37. Ke2 Rxd7 38. Rxd7 Kxd7 39. Kd3 Kd6
40. Kd4 b5 41. Nd2 h5 42. Ne4+ Kc6 43. Nxg5 a5 44. Ne6 1-0

[Event "Open Ricany 2011"]
[Site "http://www.openricany.cz"]
[Date "2011.08.21"]
[Round "2.9"]
[White "Haba, Zdenek"]
[Black "Skala, Jaromir"]
[Result "1-0"]
[WhiteElo "2207"]
[BlackElo "2020"]

1. d4 Nf6 2. c4 g6 3. Nc3 Bg7 4. e4 d6 5. f3 O-O 6. Bg5 e5 7. dxe5 dxe5 8. Qxd8
Rxd8 9. Nd5 Nbd7 10. Nxc7 Rb8 11. O-O-O h6 12. Be3 b6 13. Ne2 Bb7 14. Nc3 Bf8
15. Be2 Nc5 16. Rxd8 Rxd8 17. Rd1 Rxd1+ 18. Kxd1 Nfd7 19. b4 Na6 20. Nxa6 Bxa6
21. a3 f5 22. exf5 gxf5 23. Bd3 f4 24. Bf2 Kf7 25. Kc2 Ke6 26. Nd5 Bd6 27. Kc3
Bc8 28. Be4 Nf6 29. Nxf6 Kxf6 30. c5 bxc5 31. bxc5 Bc7 32. Kb4 a6 33. Bd5 Kf5
34. Bh4 1-0

[Event "Open Ricany 2011"]
[Site "http://www.openricany.cz"]
[Date "2011.08.21"]
[Round "2.15"]
[White "Dungl, Martin"]
[Black "Wasserbauer, Radek"]
[Result "0-1"]
[WhiteElo "2001"]
[BlackElo "2145"]

1. d4 Nf6 2. c4 g6 3. Nc3 d5 4. Nf3 Bg7 5. Bg5 Ne4 6. cxd5 Nxg5 7. Nxg5 e6
8. Qd2 exd5 9. Qe3+ Kf8 10. Qf4 Bf6 11. h4 h6 12. Nxd5 hxg5 13. Qxf6 Qxf6
14. Nxf6 Rxh4 15. Rxh4 gxh4 16. Nd5 Na6 17. e4 c6 18. Ne3 Nc7 19. Bc4 Be6
20. O-O-O Rd8 21. d5 cxd5 22. exd5 Bd7 23. Rh1 b5 24. Rxh4 Ne8 25. Bd3 Ke7
26. Rd4 Kd6 27. a3 f5 28. f4 Nf6 29. Bc2 Rh8 30. b4 Rh4 31. Kd2 Nh5 32. g4 Rh2+
33. Kd1 fxg4 34. Bxg6 Nf6 35. f5 g3 36. Ke1 Ke5 37. Rd2 Kf4 38. Ng2+ Kf3 0-1

[Event "Open Ricany 2011"]
[Site "http://www.openricany.cz"]
[Date "2011.08.21"]
[Round "2.53"]
[White "Ruzicka, Vaclav"]
[Black "Marikova, Jana"]
[Result "0-1"]
[WhiteElo "1740"]
[BlackElo "1897"]

1. c4 Nf6 2. Nc3 g6 3. g3 Bg7 4. Bg2 O-O 5. e4 d6 6. Nge2 Nc6 7. O-O e5 8. d3
Ne8 9. f4 f5 10. h3 Be6 11. Kh2 Qd7 12. Rb1 Nf6 13. Nd5 Rab8 14. Nxf6+ Rxf6
15. b3 Rf7 16. Bb2 Rbf8 17. exf5 Bxf5 18. Bd5 Be6 19. Bxe6 Qxe6 20. d4 Ne7
21. d5 Qd7 22. Qd3 g5 23. Rg1 gxf4 24. gxf4 Ng6 25. fxe5 dxe5 26. Rg3 Rf2+
27. Kg1 Qf7 28. Qd1 Qe7 29. a4 Qh4 30. Re3 Nf4 31. Nxf4 Qxf4 32. Bxe5 Qxe3 0-1

[Event "Open Ricany 2011"]
[Site "http://www.openricany.cz"]
[Date "2011.08.21"]
[Round "2.18"]
[White "Feierfeil, Jiri"]
[Black "Hrdina, Robin"]
[Result "0-1"]
[WhiteElo "1858"]
[BlackElo "2098"]

1. d4 d5 2. Nf3 Nf6 3. e3 Bf5 4. c4 e6 5. a3 Be7 6. b4 O-O 7. Bb2 c6 8. Bd3 Bg6
9. O-O Nbd7 10. Bxg6 hxg6 11. Nbd2 a6 12. c5 Qc7 13. Ne5 Nxe5 14. dxe5 Nd7
15. Nf3 b5 16. Qc2 Rfd8 17. h4 Nf8 18. Bc3 f6 19. g3 Kf7 20. Kg2 f5 21. Ng5+
Bxg5 22. hxg5 Nd7 23. f4 Nb8 24. Bd4 a5 25. Rh1 Na6 26. Qb3 Ra7 27. Qc3 Rda8
28. Qb3 Nb8 29. Bc3 axb4 30. axb4 Ra4 31. Bb2 R8a7 32. Rxa4 bxa4 33. Qc3 Qb7
34. Ba3 Qb5 35. Kf2 Na6 36. Rb1 Rb7 37. Rb2 Nc7 38. Rb1 Rb8 39. Qd2 Rh8 40. Qc3
Rh5 41. Rg1 Rh2+ 42. Rg2 Rxg2+ 43. Kxg2 Qe2+ 44. Kg1 Qd1+ 45. Kf2 Nb5 46. Qb2
Qd3 47. Qc1 Nxa3 48. Kg1 Qb1 0-1

[Event "Open Ricany 2011"]
[Site "http://www.openricany.cz"]
[Date "2011.08.21"]
[Round "2.49"]
[White "Lexa, Vaclav"]
[Black "Maly, Dusan"]
[Result "1-0"]
[WhiteElo "1917"]
[BlackElo "1809"]

1. d4 c5 2. d5 e5 3. e4 d6 4. Bd3 Be7 5. Nd2 Bg5 6. a4 Nf6 7. h3 Ng8 8. g4 Nd7
9. Qf3 Nf8 10. Bb5+ Bd7 11. Bxd7+ Qxd7 12. h4 Bd8 13. Nc4 Bc7 14. g5 O-O-O
15. Bd2 h5 16. Ne2 Ng6 17. b4 Rf8 18. bxc5 dxc5 19. Qf5 N8e7 20. Qxd7+ Kxd7
21. Rb1 b6 22. Bc3 f6 23. Bd2 Rb8 24. Rb3 Nc8 25. Ng3 Nce7 26. Ke2 Rbf8 27. d6
Bxd6 28. Rd3 Nf4+ 29. Bxf4 exf4 30. Rxd6+ Kc7 31. Nf5 Nxf5 32. exf5 fxg5
33. hxg5 Rxf5 34. Kf3 Rxg5 35. Re1 Rf8 36. Re7+ Kb8 37. Rdd7 Rg6 38. Nd6 Rxd6
39. Rxd6 g5 40. Rde6 g4+ 41. Kg2 Rf5 42. Re5 Rxe5 43. Rxe5 h4 44. f3 h3+ 45. Kh2
gxf3 46. Rf5 Kb7 47. Rxf4 a5 48. c4 1-0

[Event "Open Ricany 2011"]
[Site "http://www.openricany.cz"]
[Date "2011.08.21"]
[Round "2.2"]
[White "Framberk, Jan"]
[Black "Kulhánek, Tomáš"]
[Result "0-1"]
[WhiteElo "2062"]
[BlackElo "2378"]

1. e4 c5 2. Nf3 g6 3. d4 cxd4 4. Nxd4 Bg7 5. Nc3 Nc6 6. Be3 d6 7. Bc4 Nf6 8. f3
Nd7 9. Qd2 Nb6 10. Bb3 Na5 11. Qe2 a6 12. O-O-O e5 13. Qf2 exd4 14. Bxd4 Nxb3+
15. axb3 Bxd4 16. Qxd4 O-O 17. h4 Be6 18. h5 g5 19. h6 f6 20. Qxd6 Re8 21. Qg3
Qb8 22. Qf2 Nd7 23. Nd5 Bxd5 24. Rxd5 Ne5 25. Rhd1 Qc7 26. Qd4 Rac8 27. Rd2 Re6
28. Qf2 Qb6 29. Qg3 Rec6 30. Kb1 Qc7 31. f4 Rxc2 32. Rxc2 Qxc2+ 33. Ka2 Qxe4
34. Rxe5 fxe5 35. Qxg5+ Qg6 36. Qxe5 Qxh6 37. Qd5+ Kh8 38. Qxb7 Qc6 39. Qf7 a5
40. Qf5 Re8 41. g4 a4 42. g5 axb3+ 43. Kxb3 Rb8+ 44. Ka2 Qa4+ 45. Kb1 Qd1+ 0-1

[Event "Open Ricany 2011"]
[Site "http://www.openricany.cz"]
[Date "2011.08.21"]
[Round "2.3"]
[White "Ambroz, Antonin"]
[Black "Sodoma, Jan"]
[Result "1/2-1/2"]
[WhiteElo "2054"]
[BlackElo "2365"]

1. e4 e5 2. Nf3 Nc6 3. d4 exd4 4. Nxd4 Bc5 5. Be3 Qf6 6. c3 Nge7 7. Bc4 Ne5
8. Be2 Qg6 9. O-O d6 10. Kh1 O-O 11. f4 Qxe4 12. Bg1 Bxd4 13. Nd2 Qc6 14. cxd4
N5g6 15. Rc1 Qd7 16. Qc2 c6 17. g3 b6 18. Bf3 Bb7 19. Ne4 f5 20. Nc3 d5 21. b4
Rac8 22. Qa4 a6 23. Qb3 Kh8 24. Na4 Qd8 25. Nb2 Ng8 26. Qc2 Qd6 27. a3 Nf6
28. Nd3 Ne4 29. Ne5 Qe6 30. Be3 Rc7 31. Qg2 Ne7 32. Qh3 Nc8 33. Bxe4 dxe4 34. d5
Qe8 35. d6 Nxd6 36. Bxb6 Rc8 37. Rfd1 1/2-1/2

[Event "Open Ricany 2011"]
[Site "http://www.openricany.cz"]
[Date "2011.08.21"]
[Round "2.54"]
[White "Burianek, Petr"]
[Black "Havlicek, Pavel"]
[Result "1/2-1/2"]
[WhiteElo "1892"]
[BlackElo "1735"]

1. e4 e5 2. Nf3 Nc6 3. Bb5 Bc5 4. O-O d6 5. d4 exd4 6. Nxd4 Bxd4 7. Qxd4 Qf6
8. Qxf6 Nxf6 9. Bg5 Bd7 10. Nc3 a6 11. Ba4 Ne5 12. Bb3 Be6 13. Bxf6 gxf6 14. Nd5
Bxd5 15. exd5 O-O-O 16. c3 Rhg8 17. Bc2 h5 18. b3 Rg7 19. f4 Ng6 20. Bf5+ Kb8
21. Bxg6 Rxg6 22. Rae1 Rdg8 23. Rf2 Kc8 24. Re7 R6g7 25. Rfe2 Kd8 26. b4 Rf8
27. h3 Rg3 28. R7e3 Rfg8 29. Kh2 h4 30. c4 f5 31. a4 R3g6 32. c5 Rg3 33. Kg1
R3g6 34. Kf1 Rg3 35. cxd6 cxd6 36. Re7 Rxg2 37. Rxg2 Rxg2 38. Rxb7 Rg3 39. Rxf7
Rf3+ 40. Kg2 Rxf4 41. b5 Rxa4 42. bxa6 Rxa6 43. Rxf5 Ra4 44. Kf3 Ke7 45. Rf4 Ra5
46. Rd4 Kf6 47. Rxh4 Rxd5 48. Ke4 Re5+ 49. Kd4 Kg5 1/2-1/2

[Event "Open Ricany 2011"]
[Site "http://www.openricany.cz"]
[Date "2011.08.21"]
[Round "2.5"]
[White "SKacel, Jan"]
[Black "Jupter, Jan"]
[Result "1/2-1/2"]
[WhiteElo "2050"]
[BlackElo "2293"]

1. d4 Nf6 2. c4 g6 3. Nc3 Bg7 4. e4 d6 5. g3 O-O 6. Bg2 c5 7. dxc5 dxc5 8. Qxd8
Rxd8 9. Be3 Nfd7 10. Nge2 Ne5 11. O-O b6 12. Rad1 Rxd1 13. Rxd1 Nbc6 14. h3 Nxc4
15. e5 N4a5 16. a3 Bb7 17. Rd7 Rd8 18. Rxb7 Nxb7 19. Bxc6 Na5 20. Ba4 Bxe5
21. b4 {dále neèitelné} 1/2-1/2

[Event "Open Ricany 2011"]
[Site "http://www.openricany.cz"]
[Date "2011.08.21"]
[Round "2.13"]
[White "Kovar, Jan"]
[Black "Moravec, Vit"]
[Result "0-1"]
[WhiteElo "2002"]
[BlackElo "2148"]

1. d4 d5 2. Nf3 Nf6 3. c4 e6 4. Nc3 b6 5. Bg5 Be7 6. e3 Bb7 7. cxd5 Nxd5
8. Bxe7 Qxe7 9. Nxd5 Bxd5 10. Be2 Nd7 11. O-O O-O 12. b3 Rfd8 13. Rc1 c5 14. Bc4
Bxf3 15. Qxf3 cxd4 16. exd4 Nf6 17. Rfe1 Qd7 18. Rcd1 Nd5 19. Bxd5 Qxd5 20. Qxd5
Rxd5 21. Re5 Rad8 22. Rxd5 Rxd5 23. f4 Kf8 24. Kf2 Ke7 25. Ke3 Rd7 26. Rc1 Kd6
27. Ke4 h5 28. g3 Rd8 29. Rc2 f6 30. h4 g6 31. Rc1 a5 32. a4 Rb8 33. Kd3 b5
34. Rc5 bxa4 35. bxa4 Rb3+ 36. Rc3 Rxc3+ 37. Kxc3 Kd5 38. Kd3 f5 39. Kc3 Ke4
40. Kc4 Kf3 41. Kb5 Kxg3 42. Kxa5 Kxf4 43. Kb6 Kg3 44. a5 f4 45. a6 f3 46. a7 f2
47. a8=Q f1=Q 48. Qe4 Qf6 49. Qe1+ Qf2 50. Qe4 Qf5 51. Qe1+ Kg4 52. Kc7 Qf4+
53. Kc6 Kf5 54. Kc5 Qc7+ 55. Kb5 Qd7+ 56. Kc4 Qd5+ 57. Kd3 Qb3+ 58. Ke2 Qc2+
59. Kf3 Qd3+ 60. Kf2 Qxd4+ 61. Kg3 Qe5+ 0-1

[Event "Open Ricany 2011"]
[Site "http://www.openricany.cz"]
[Date "2011.08.21"]
[Round "2.33"]
[White "Franek, Jan"]
[Black "Postupa, Pavel"]
[Result "0-1"]
[WhiteElo "1891"]
[BlackElo "2124"]

1. e4 c5 2. Nf3 d6 3. d4 cxd4 4. Nxd4 Nf6 5. Nc3 a6 6. Bc4 e6 7. Be3 Nbd7
8. Qe2 Nc5 9. O-O-O Qa5 10. Nb3 Nxb3+ 11. Bxb3 Be7 12. Bf4 Qc5 13. Qd2 O-O
14. Bxd6 Bxd6 15. Qxd6 Qxf2 16. Kb1 h5 17. Rhf1 Qh4 18. Qe7 Qxh2 19. g3 Qh3
20. Rh1 Qg2 21. Rhg1 Qf2 22. e5 Re8 23. exf6 Rf8 24. Rgf1 Qb6 25. fxg7 Kxg7
26. Qg5+ Kh8 27. Qe5+ Kg8 28. Rh1 f6 29. Qe4 Rf7 30. Qe2 Re7 {dále neèitelné}
0-1

[Event "Open Ricany 2011"]
[Site "http://www.openricany.cz"]
[Date "2011.08.21"]
[Round "2.8"]
[White "Matejovsky, Ondrej"]
[Black "Klement, Lukas"]
[Result "0-1"]
[WhiteElo "2030"]
[BlackElo "2234"]

1. e4 c5 2. Nf3 e6 3. c3 Nf6 4. e5 Nd5 5. c4 Nb6 6. Nc3 d6 7. exd6 Bxd6 8. d4
O-O 9. Be3 Na6 10. Bd3 Bd7 11. Bxh7+ Kxh7 12. Ng5+ Kg6 13. h4 f5 14. h5+ Kf6
15. dxc5 Bxc5 16. Bxc5 Nxc5 17. Qd4+ e5 18. Nh7+ Kf7 19. Qxc5 Rh8 20. Qd6 Rxh7
21. c5 Rh6 22. Qd3 Bc6 23. Qxd8 Rxd8 24. cxb6 axb6 25. f3 Rdh8 26. O-O-O Rxh5
27. Rhe1 Re8 28. Nd5 Rh2 29. Re2 e4 30. fxe4 Rxe4 31. Rxe4 fxe4 32. Ne3 Rh6
33. Rd8 Rg6 34. Kd2 Ke7 35. Rd4 Rf6 36. Ke2 Ke6 37. Nc4 b5 38. Ne3 Rh6 39. Rd8
Rh1 40. a3 Rb1 41. Rd2 Ke5 42. Kf2 Kf4 43. Nd1 g5 44. Ne3 Rc1 45. g3+ Ke5
46. Ng4+ Ke6 47. Ne3 Rc5 48. Nc2 Rf5+ 49. Ke2 Ke5 50. Nd4 Rf6 51. Ke3 Rf1
52. Ke2 Rg1 53. Nxc6+ bxc6 54. Kf2 e3+ 55. Kxe3 Rxg3+ 56. Kf2 Rb3 57. Kg2 c5
58. Kg1 Ke4 59. Rc2 c4 60. Rg2 Kf3 61. Rf2+ Ke3 62. Kg2 Kd3 63. Kg3 c3 64. bxc3
Rxa3 65. Rb2 Kxc3 0-1

[Event "Open Ricany 2011"]
[Site "http://www.openricany.cz"]
[Date "2011.08.21"]
[Round "2.25"]
[White "Hadzala, Daniel"]
[Black "Hadrava, Jaroslav"]
[Result "1/2-1/2"]
[WhiteElo "2162"]
[BlackElo "1890"]

1. Nf3 g6 2. c4 Bg7 3. Nc3 Nc6 4. g3 e5 5. Bg2 f5 6. d3 Nf6 7. O-O d6 8. Rb1 a5
9. a3 O-O 10. b4 axb4 11. axb4 Ne7 12. Qb3 c6 13. c5+ Kh8 14. Rd1 Ned5 15. Nxd5
Nxd5 16. e4 Nc7 17. Bb2 Be6 18. Qc2 Nb5 19. Ra1 Qc7 20. Ng5 Bg8 21. exf5 Rxa1
22. Rxa1 Rxf5 23. Ra8 Rf8 24. Rxf8 Bxf8 25. f4 Nd4 26. Qf2 Bg7 27. Bxd4 exd4
28. f5 gxf5 29. Qxf5 d5 30. Bh3 Qe7 31. Ne6 h6 32. Nxg7 Qxg7 33. Qf4 1/2-1/2

[Event "Open Ricany 2011"]
[Site "http://www.openricany.cz"]
[Date "2011.08.21"]
[Round "2.19"]
[White "Vesecky, Martin"]
[Black "Jirousek, Filip"]
[Result "1-0"]
[WhiteElo "2083"]
[BlackElo "1849"]

1. d4 Nf6 2. Nf3 g6 3. c4 Bg7 4. Nc3 d6 5. e4 O-O 6. Be2 Nbd7 7. O-O e5 8. d5
Nc5 9. Qc2 c6 10. Nd2 cxd5 11. cxd5 Ne8 12. b4 Nd7 13. Ba3 Nb6 14. Rac1 Bh6
15. Rfd1 Bd7 16. Qb3 f5 17. Rc2 Bxd2 18. Rcxd2 fxe4 19. Nxe4 Ba4 20. Qh3 Bxd1
21. Rxd1 Qd7 22. Bg4 Qe7 23. Bc1 Nd7 24. Bxd7 Nf6 25. Bg5 1-0

[Event "Open Ricany 2011"]
[Site "http://www.openricany.cz"]
[Date "2011.08.21"]
[Round "2.23"]
[White "Vojta, Tomáš"]
[Black "Vorackova, Jarmila"]
[Result "1-0"]
[WhiteElo "2368"]
[BlackElo "1925"]

1. e4 c6 2. d4 d5 3. e5 Bf5 4. Nc3 e6 5. g4 Bg6 6. Nge2 c5 7. Be3 Nc6 8. dxc5
Nxe5 9. Nd4 Nf6 10. f4 Nc4 11. Bxc4 dxc4 12. Qe2 Nd5 13. Nxd5 Qxd5 14. O-O-O
Bxc5 15. f5 O-O 16. Nxe6 Bxe3+ 17. Qxe3 Qa5 18. Nxf8 Qxa2 19. Qa3 Qxa3 20. bxa3
1-0

[Event "Open Ricany 2011"]
[Site "http://www.openricany.cz"]
[Date "2011.08.21"]
[Round "2.28"]
[White "Pilny, Jiri"]
[Black "Macek, Kamil"]
[Result "1-0"]
[WhiteElo "1723"]
[BlackElo "2012"]

1. d4 Nf6 2. Nf3 e6 3. Bf4 b6 4. Nbd2 Bb7 5. e3 d5 6. Bd3 Bd6 7. Bg3 c5 8. c3
Nc6 9. Qe2 Qc7 10. Rc1 O-O 11. Bxd6 Qxd6 12. O-O Rad8 13. Rfd1 e5 14. dxe5 Nxe5
15. Nxe5 Qxe5 16. Nf3 Qh5 17. Ne1 Qh6 18. Bb5 Rd6 19. Rd2 Ne4 20. Rd3 Rfd8
21. Rcd1 Rf6 22. f3 Nd6 23. Ba4 Ba6 24. Qf2 Bxd3 25. Rxd3 b5 26. Bc2 Nc4 27. b3
Ne5 28. Rd1 Ng4 29. Qg3 Qxe3+ 30. Kf1 Nxh2+ 31. Qxh2 Rh6 32. Qg1 Qxc3 33. Rd3
Qa1 34. Rd1 Qe5 35. Nd3 Qe7 36. Nxc5 Re8 37. Bd3 Qe5 38. Bxb5 Rd8 39. a4 Qc3
40. Qd4 Rh1+ 41. Kf2 Qc2+ 42. Rd2 Qc1 43. Kg3 Qe1+ 44. Qf2 Qe7 45. Qd4 h5
46. Re2 Qg5+ 47. Kf2 Qc1 48. Qe3 Qg1+ 49. Kg3 Qh2+ 50. Kf2 Rg1 51. Qg5 Rc8
52. Bd3 Rd1 53. Qe5 Qg1+ 54. Kg3 Qxc5 55. Rc2 Qf8 56. Qf5 Qd6+ 57. f4 Rxc2
58. Bxc2 Re1 59. Qc8+ Qf8 60. Bh7+ 1-0

[Event "Open Ricany 2011"]
[Site "http://www.openricany.cz"]
[Date "2011.08.21"]
[Round "2.43"]
[White "Hanl, Frantisek"]
[Black "Kaiser, Rudolf"]
[Result "0-1"]
[WhiteElo "1849"]
[BlackElo "1949"]

1. e4 c5 2. c3 d5 3. exd5 Qxd5 4. d4 Nc6 5. Be3 cxd4 6. cxd4 e5 7. Nc3 Bb4
8. dxe5 Bxc3+ 9. bxc3 Qxe5 10. Rc1 Nf6 11. Nf3 Qe7 12. Bb5 Bg4 13. O-O O-O
14. Bxc6 bxc6 15. h3 Rfd8 16. Bd4 Bh5 17. g4 Bg6 18. Qa4 Qe4 19. Ng5 Qf4 20. Qa5
Rd5 21. Be3 Qxg5 22. Qa6 Qh4 0-1

[Event "Open Ricany 2011"]
[Site "http://www.openricany.cz"]
[Date "2011.08.21"]
[Round "2.12"]
[White "Kohout, Vratislav"]
[Black "Maly, Filip"]
[Result "1-0"]
[WhiteElo "2153"]
[BlackElo "2007"]

1. d4 Nf6 2. Nf3 c5 3. d5 e6 4. c4 exd5 5. cxd5 d6 6. Nc3 Be7 7. h3 O-O 8. e4
Re8 9. Bd3 Nbd7 10. O-O a6 11. a4 Qc7 12. Bf4 Rb8 13. Re1 c4 14. Bf1 b5 15. axb5
axb5 16. Nd4 b4 17. Ncb5 Qc5 18. Na7 Bf8 19. Ndc6 1-0

[Event "Open Ricany 2011"]
[Site "http://www.openricany.cz"]
[Date "2011.08.21"]
[Round "2.7"]
[White "Koper, Stefan"]
[Black "Gregor, Jiri"]
[Result "0-1"]
[WhiteElo "2031"]
[BlackElo "2262"]

1. d4 c5 2. d5 e6 3. c4 exd5 4. cxd5 d6 5. Nc3 a6 6. a4 Ne7 7. e4 Ng6 8. Nf3
Bg4 9. Be2 Be7 10. O-O Nd7 11. h3 Bxf3 12. Bxf3 Bf6 13. Be2 O-O 14. Kh1 Re8
15. f3 Bd4 16. Bd2 Nf6 17. g4 Rc8 18. g5 Nd7 19. Kh2 Be5+ 20. f4 Bxc3 21. Bxc3
Rxe4 22. Qd2 c4 23. Rf2 {Dale necitelne!} 0-1

[Event "Open Ricany 2011"]
[Site "http://www.openricany.cz"]
[Date "2011.08.21"]
[Round "2.1"]
[White "Vesselovsky, Serguei"]
[Black "Holub, Milan"]
[Result "1-0"]
[WhiteElo "2379"]
[BlackElo "2061"]

1. e4 Nf6 2. e5 Nd5 3. d4 d6 4. Nf3 Bg4 5. Be2 e6 6. O-O Be7 7. h3 Bh5 8. c4
Nb6 9. Nc3 O-O 10. Be3 Nc6 11. exd6 cxd6 12. d5 Bxf3 13. Bxf3 Ne5 14. dxe6 Nxf3+
15. Qxf3 fxe6 16. Qg4 Rf6 17. b3 Nd7 18. Qe4 Qc8 19. Bg5 Nc5 20. Qd4 Qd8
21. Bxf6 Bxf6 22. Qe3 Qa5 23. Rac1 Re8 24. Nb5 Rd8 25. a3 1-0